000
00318nam a2200109Ia 4500
008
171211s9999 xx 000 0 und d
245
_a
Performance Metrics for Haptic Interfaces
245
_c
Evren Samur
260
_c
2012
650
_x
INFORMATION TECHNOLOGIES
856
_u
http://down.ebook777.com/064/1447142241.pdf
999
_c
349685
_d
349685